Constitutional Law of India : ACritical Commentory I (Record no. 6412)

MARC details
000 -LEADER
fixed length control field 00408nam a22001697a 4500
005 - DATE AND TIME OF LATEST TRANSACTION
control field 20200521154451.0
008 - FIXED-LENGTH DATA ELEMENTS--GENERAL INFORMATION
fixed length control field 200521b xxu||||| |||| 00| 0 eng d
041 ## - LANGUAGE CODE
Language code of text/sound track or separate title eng
082 ## - DEWEY DECIMAL CLASSIFICATION NUMBER
Classification number 345.54
100 ## - MAIN ENTRY--AUTHOR NAME
Personal name Seeryai H.M
245 ## - TITLE STATEMENT
Title Constitutional Law of India : ACritical Commentory I
250 ## - EDITION STATEMENT
Edition statement 4'th
260 ## - PUBLICATION, DISTRIBUTION, ETC. (IMPRINT)
Place of publication Mumbai
Name of publisher M.JPocha
Year of publication 2019
300 ## - PHYSICAL DESCRIPTION
Number of Pages A-186
650 ## - SUBJECT ADDED ENTRY--TOPICAL TERM
Topical Term LAW
942 ## - ADDED ENTRY ELEMENTS (KOHA)
Koha item type Books

No items available.